عرض عادي عرض مارك
  • Avellaneda, Marco,

مدخل إسم شخص

عدد التسجيلات المستخدمة في: 1

001 - رقم الضبط

  • حقل الضبط: 4622

003 - معرف رقم الضبط

  • حقل الضبط: OSt

005 - تاريخ ووقت أخر عملية

  • حقل الضبط: 20110915081009.0

008 - عناصر بيانات ثابتة الطول

  • حقل تحكم ثابت الطول: 110915|||a|||||| | ||| d

040 ## - مصدر الفهرسة

  • هيئة الفهرسة الأصلية: OSt
  • وكالة الكتابة: OSt

100 ## - مدخل -- أسم شخص

  • إسم شخص: Avellaneda, Marco,
  • تواريخ مرتبطة بالاسم: 1955-

670 ## - بيانات المصدر موجوده

  • الاستشهاد بالمصدر: Work cat.: (OSt)907: Avellaneda, Marco, 1955-, Quantitative modeling of derivative securities, c2000.